Piac és privatizáció
Elmentve itt :
| Szerző: | |
|---|---|
| Adatforrás: | Meister |
| Forrásdokumentuma: | Művelődés. - 3 sz., 1997, 15-16 p. |
| Nyelv: | magyar |
| Kulcsszavak: | közgazdaság gazdasági intézmények vállalatok privatizáció piacgazdaság Magyarország MOL Rt. |
| LEADER | 00504nab a2200193 i 4500 | ||
|---|---|---|---|
| 001 | bibPRO00001320 | ||
| 008 | 060524s1997 xx hun | ||
| 040 | |a Sz1 | ||
| 041 | |a hun | ||
| 100 | 1 | |a BIRINYI György | |
| 245 | 1 | 0 | |a Piac és privatizáció |c BIRINYI György |
| 695 | |a közgazdaság | ||
| 695 | |a gazdasági intézmények | ||
| 695 | |a vállalatok | ||
| 695 | |a privatizáció | ||
| 695 | |a piacgazdaság | ||
| 695 | |a Magyarország | ||
| 695 | |a MOL Rt. | ||
| 773 | 0 | |t Művelődés. - |g 3 sz., 1997, 15-16 p. | |